Cunningham's manual of practical anatomy (Record no. 7236)

MARC details
000 -LEADER
fixed length control field 00867nam a22002537a 4500
003 - CONTROL NUMBER IDENTIFIER
control field OSt
005 - DATE AND TIME OF LATEST TRANSACTION
control field 20210421132805.0
008 - FIXED-LENGTH DATA ELEMENTS--GENERAL INFORMATION
fixed length control field 200512b xxu||||| |||| 00| 0 eng d
020 ## - INTERNATIONAL STANDARD BOOK NUMBER
International Standard Book Number 9780199229093 vol. 1
020 ## - INTERNATIONAL STANDARD BOOK NUMBER
International Standard Book Number 9780199565337 vol. 2
020 ## - INTERNATIONAL STANDARD BOOK NUMBER
International Standard Book Number 9780199229086 vol. 3
040 ## - CATALOGING SOURCE
Transcribing agency LC
050 ## - LIBRARY OF CONGRESS CALL NUMBER
Classification number QM34..R66
100 ## - MAIN ENTRY--PERSONAL NAME
Personal name Romanes, G.J.
245 ## - TITLE STATEMENT
Title Cunningham's manual of practical anatomy
Remainder of title Vol. 1- Upper and lower limbs; vol. 2 thorax and abdomen; vol. 3 head, neck and brain
Statement of responsibility, etc. G.J. Romanes
250 ## - EDITION STATEMENT
Edition statement 15th ed.:
Remainder of edition statement 3 Volumes .
260 ## - PUBLICATION, DISTRIBUTION, ETC.
Place of publication, distribution, etc. Oxford:
Name of publisher, distributor, etc. OUP,
Date of publication, distribution, etc. 1986.
300 ## - PHYSICAL DESCRIPTION
Extent 3 v. fronts.
Other physical details illus. (part col.)
Dimensions 19 cm.
440 ## - SERIES STATEMENT/ADDED ENTRY--TITLE
Title Oxford medical publications
500 ## - GENERAL NOTE
General note v. 1. Upper limb. Lower limb. --v. 2. Thorax and abdomen. --v. 3. Head and neck. Brain.
690 ## - LOCAL SUBJECT ADDED ENTRY--TOPICAL TERM (OCLC, RLIN)
Topical term or geographic name as entry element Dissection.
690 ## - LOCAL SUBJECT ADDED ENTRY--TOPICAL TERM (OCLC, RLIN)
Topical term or geographic name as entry element Human anatomy.
942 ## - ADDED ENTRY ELEMENTS (KOHA)
Source of classification or shelving scheme Library of Congress Classification
Koha item type Books
Holdings
Withdrawn status Lost status Source of classification or shelving scheme Damaged status Not for loan Home library Current library Shelving location Date acquired Full call number Barcode Date last seen Copy number Price effective from Koha item type
    Library of Congress Classification     WISCONSIN INTERNATIONAL UNIVERSITY COLLEGE, GHANA KUMASI LIBRARY WISCONSIN INTERNATIONAL UNIVERSITY COLLEGE, GHANA KUMASI LIBRARY nursing 25/06/2019 QM34.R66(15e) vol 1 KSN/092/19 12/05/2020 1 12/05/2020 Books
    Library of Congress Classification     WISCONSIN INTERNATIONAL UNIVERSITY COLLEGE, GHANA KUMASI LIBRARY WISCONSIN INTERNATIONAL UNIVERSITY COLLEGE, GHANA KUMASI LIBRARY nursing 25/06/2019 QM34.R661(15e) vol 1 KSN/093/19 12/05/2020 2 12/05/2020 Books
    Library of Congress Classification     WISCONSIN INTERNATIONAL UNIVERSITY COLLEGE, GHANA KUMASI LIBRARY WISCONSIN INTERNATIONAL UNIVERSITY COLLEGE, GHANA KUMASI LIBRARY nursing 25/06/2019 QM34.R662(15e) vol 2 KSN/094/19 12/05/2020 3 12/05/2020 Books
    Library of Congress Classification     WISCONSIN INTERNATIONAL UNIVERSITY COLLEGE, GHANA KUMASI LIBRARY WISCONSIN INTERNATIONAL UNIVERSITY COLLEGE, GHANA KUMASI LIBRARY nursing 25/06/2019 QM34.R663(15e) vol 2 KSN/095/19 12/05/2020 4 12/05/2020 Books
    Library of Congress Classification     WISCONSIN INTERNATIONAL UNIVERSITY COLLEGE, GHANA KUMASI LIBRARY WISCONSIN INTERNATIONAL UNIVERSITY COLLEGE, GHANA KUMASI LIBRARY nursing 25/06/2019 QM34.R664(15e) vol 3 KSN/088/19 12/05/2020 5 12/05/2020 Books
    Library of Congress Classification     WISCONSIN INTERNATIONAL UNIVERSITY COLLEGE, GHANA KUMASI LIBRARY WISCONSIN INTERNATIONAL UNIVERSITY COLLEGE, GHANA KUMASI LIBRARY nursing 25/06/2019 QM34.R665(15e) vol 3 KSN/089/19 12/05/2020 6 12/05/2020 Books

If you have any concerns or questions; kindly contact the library


© Powered by WIUC ICT DIRECTORATE